Chemical Elements with Long Names - Statistics

General Stats
  • This quiz has been taken 35 times
  • The average score is 9 of 21
Answer Stats
H Answer % Correct
11 Letters Einsteinium
70%
13 Letters Rutherfordium
60%
11 Letters Californium
57%
10 Letters Lawrencium
53%
11 Letters Mendelevium
50%
10 Letters Molybdenum
50%
12 Letters Darmstadtium
47%
11 Letters Copernicium
43%
12 Letters Praseodymium
43%
10 Letters Dysprosium
40%
11 Letters Oganesson
40%
12 Letters Protactinium
40%
11 Letters Roentgenium
40%
11 Letters Livermorium
37%
10 Letters Meitnerium
37%
10 Letters Gadolinium
33%
10 Letters Seaborgium
33%
10 Letters Technetium
33%
10 Letters Phosphorus
30%
10 Letters Tennessine
27%
10 Letters Promethium
23%
No matching quizzes found
Score Distribution
Percent of People with Each Score
Percentile by Number Answered
Your Score History
You have not taken this quiz